Länder nach Hauptstadt - Amerika - Statistiken

Allgemein
  • Dieses Quiz wurde 279 mal gespielt
  • Das Durchschnittsergebnis liegt bei 25 aus 35
Antwortstatistiken
Hauptstadt Land % Korrekt
Mexiko-Stadt Mexiko
98%
Brasilia Brasilien
97%
Panama-Stadt Panama
97%
Washington, D.C. Vereinigte Staaten
97%
Buenos Aires Argentinien
96%
Guatemala-Stadt Guatemala
96%
Santiago de Chile Chile
93%
Ottawa Kanada
93%
San Salvador El Salvador
91%
Lima Peru
91%
Bogotá Kolumbien
87%
Havanna Kuba
87%
Montevideo Uruguay
79%
Caracas Venezuela
79%
Quito Ecuador
77%
Asunción Paraguay
74%
Santo Domingo Dominikanische Republik
73%
Kingston Jamaika
73%
Nassau Bahamas
68%
Managua Nicaragua
66%
Sucre Bolivien
63%
Port-au-Prince Haiti
62%
San José Costa Rica
60%
Tegucigalpa Honduras
60%
Belmopan Belize
58%
Paramaribo Suriname
58%
Georgetown Guyana
54%
Port of Spain Trinidad und Tobago
49%
Roseau Dominica
45%
Basseterre St. Kitts und Nevis
45%
Bridgetown Barbados
44%
Castries St. Lucia
43%
Kingstown St. Vincent und die Grenadinen
42%
Saint John's Antigua und Barbuda
37%
St. George's Grenada
37%
Keine übereinstimmenden Quizze gefunden
Verteilung der Resultate
Anzahl Personen mit jedem Resultat
Perzentil nach korrekt beantworteten Fragen
Ihre Resultats-Entwicklung
Sie haben dieses Quiz noch nicht gespielt